Biostatistics: Basic concepts and methodology for the health sciences (Record no. 395882)

MARC details
000 -LEADER
fixed length control field 00558nam a22002057a 4500
005 - DATE & TIME
control field 20251223104707.0
008 - FIXED-LENGTH DATA ELEMENTS--GENERAL INFORMATION
fixed length control field 251223b |||||||| |||| 00| 0 eng d
020 ## - ISBN
International Standard Book Number 9789363865259
Price Rs. 1595.00
040 ## - CATALOGING SOURCE
Original cataloging agency VIVEKANANDA LIBRARY
082 ## - DDC NUMBER
Classification number 519.5
Book Number D221B(11)
100 ## - MAIN ENTRY--PERSONAL NAME
Personal name Daniel, Wayne W
245 ## - TITLE STATEMENT
Title Biostatistics: Basic concepts and methodology for the health sciences
250 ## - EDITION STATEMENT
Edition statement 11th
260 ## - PUBLICATION, DISTRIBUTION, ETC. (IMPRINT)
Place of publication, distribution, etc New Delhi
Name of publisher, distributor, etc Wiley India
Date of publication, distribution, etc 2025
300 ## - PHYSICAL DESCRIPTION
Pages xxiii, 695
650 ## - Subject
Subject Biostatistics
650 ## - Subject
Subject Health Sciences
700 ## - Added Entry Personal Name
Added Entry Personal Name Cross, Chad L
942 ## - ADDED ENTRY ELEMENTS (KOHA)
Koha item type Books

No items available.

© Designed and Maintained by Vivekananda Library, MDU Rohtak